00478 a2200121 4500001000900000005001700009008004100026245015200067100002300219700002500242773007200267999001700339ART_330720260410161713.0260409a 10aSobre la evolución del contenido de importaciones intermedias en la demanda final y las exportaciones argentinas: un ejercicio de insumo-producto1 aKosacoff, Bernardo1 aSourrouille, Juan V.0 tDesarrollo económicog- Vol. 18, Nº 72 (ene./mar. 1979)wREV1174 c16309d16309